Govt. of
Madhya Pradesh

BNB प्रतियोगी परीक्षा सीरीज बाल विकास एवं शिक्षाश्‍ाास्‍त्र (Record no. 58431)

MARC details
000 -LEADER
fixed length control field 00586nam a22001577a 4500
003 - CONTROL NUMBER IDENTIFIER
control field macl
005 - DATE AND TIME OF LATEST TRANSACTION
control field 20181017131158.0
008 - FIXED-LENGTH DATA ELEMENTS--GENERAL INFORMATION
fixed length control field 181014b xxu||||| |||| 00| 0 eng d
040 ## - CATALOGING SOURCE
Transcribing agency macl
082 ## - DEWEY DECIMAL CLASSIFICATION NUMBER
Classification number 370
100 ## - MAIN ENTRY--PERSONAL NAME
Personal name सिंह ,डॉ सर्वेश
9 (RLIN) 69424
245 ## - TITLE STATEMENT
Title BNB प्रतियोगी परीक्षा सीरीज बाल विकास एवं शिक्षाश्‍ाास्‍त्र
260 ## - PUBLICATION, DISTRIBUTION, ETC. (IMPRINT)
Place of publication, distribution, etc. भोपाल
Name of publisher, distributor, etc. बी एन बी पब्लिकेशन
650 ## - SUBJECT ADDED ENTRY--TOPICAL TERM
Topical term or geographic name as entry element शिक्षा
9 (RLIN) 73033
942 ## - ADDED ENTRY ELEMENTS (KOHA)
Source of classification or shelving scheme
Koha item type Hindi Books

No items available.